LEADER 01099nam0-22003611i-450- 001 990007963010403321 005 20120615193340.0 010 $a88-8292-193-X 035 $a000796301 035 $aFED01000796301 035 $a(Aleph)000796301FED01 035 $a000796301 100 $a20041130d2003----km-y0itay50------ba 101 0 $aita 102 $aIT 105 $ay-------001yy 200 1 $aMatematica e architettura$fa cura di Luciano Basile ... [et al.] 210 $aNapoli$cLa cittą del sole$d2003 215 $a302 p.$d21 cm 225 1 $aSeminari di scienze$fIstituto italiano per gli studi filosofici$iNuova serie$v18 300 $aAtti del Convegno, Napoli, 13-14 maggio 1999 610 0 $aArchitettura e matematica 676 $a720.151$v11 rid.$zita 702 1$aBasile,$bLuciano 801 0$aIT$bUNINA$gRICA$2UNIMARC 901 $aBK 912 $a990007963010403321 952 $aTECN B 1565$b13468$fFARBC 952 $aTECN B 1566$b13467$fFARBC 952 $a08.116$b5323$fDARST 959 $aFARBC 996 $aMatematica e architettura$9747926 997 $aUNINA LEADER 01111nam--2200385---450- 001 990003339010203316 005 20091023100320.0 010 $a1-60109-101-X 035 $a000333901 035 $aUSA01000333901 035 $a(ALEPH)000333901USA01 035 $a000333901 100 $a20091023d2007----km-y0itay50------ba 101 $aeng 102 $aUS 105 $a||||||||001yy 200 1 $aBodyscapes$fJean Paul Bourdier$gpreface by Thomas Zummer$gintroduction by Trinh T. Minh-Ha 210 $aSan Rafael$cEarth Aware$d2007 215 $a1 v.$d31 cm 410 0$12001 454 0$12001 606 0 $aFotografia$zSec. 21.$xTemi [:] Corpo umano$2BNCF 676 $a779.2 700 1$aBOURDIER,$bJean-Paul$0606539 702 1$aZUMMER,$bThomas 702 1$aMINH-HA,$bTrinh T. 801 0$aIT$bsalbc$gISBD 912 $a990003339010203316 951 $aXIII.5. 290$b2264 L.G.$cXIII.5.$d00229213 959 $aBK 969 $aUMA 979 $aALESSANDRA$b90$c20091023$lUSA01$h1001 979 $aALESSANDRA$b90$c20091023$lUSA01$h1003 996 $aBodyscapes$91125166 997 $aUNISA